000
00333pam a2200157a 44500
008
230515b1990 xxu||||| |||| 00| 0 eng d
020
_a
NULL
041
_a
ENGLISH
082
_a
LYN
100
_a
LYNGBY
245
_a
INSTITUTE OF HYDODYNAMICS
250
_a
NULL
260
_a
NULL
_b
N/A
_c
1990
300
_a
72
650
_a
NULL
999
_c
661936
_d
661936